Čečensko: bolavé místo Ruska

Konflikt v Čečensku ovplyvňoval a bude ovplyvňovať ruskú politiku. Ekonomické záujmy Ruska na Kaukaze. Vojenský konflikt a nezávislosť Čečenska.

Salvato in:
Dettagli Bibliografici
Autore principale: Balabán, Miloš
Natura: Capitolo di libro
Lingua:ceco
Soggetti:
Tags: Aggiungi Tag
Nessun Tag, puoi essere il primo ad aggiungerne!!

MARC

LEADER 00000naa a2200000 4500
001 r042845
005 20230927121329.3
041 0 |a cze 
044 |a CZ 
245 1 0 |a Čečensko: bolavé místo Ruska  |c Miloš Balabán 
520 |a Konflikt v Čečensku ovplyvňoval a bude ovplyvňovať ruskú politiku. Ekonomické záujmy Ruska na Kaukaze. Vojenský konflikt a nezávislosť Čečenska. 
610 2 0 |a politika medzinárodná 
610 2 0 |a konflikty medzinárodné 
610 2 0 |a vojny 
610 2 0 |a Rusko 
610 2 0 |a Čečensko 
610 2 0 |a záujmy ekonomické 
100 1 |a Balabán, Miloš